000 00934nas a2200313 4500
001 BR0400760
003 BR-BrBNA
005 20231205104337.0
007 ta
008 230509b bl.|||p| |||| 00| 00por d
040 _aBR-BrBNA
_bpor
_cBiblioteca Nacional de Agricultura
041 _a(Pt)
072 _aL40
100 1 _aSouza, P.C.
100 1 _aLuz-Ramos, R.S.
100 1 _aGuimarães, D.A.
100 1 _aFerreira, A.C.S.
100 1 _aBastos, L.V.
100 1 _aBatista, C.R.
100 1 _aOhashi, O.M.
245 1 _aDeterminação da população folicular em cutias (Dasyprocta sp.)criadas em cativeiro
650 _aCUTIA
650 _aHISTOLOGIA ANIMAL
650 _aOVÁRIO
650 _aCORPO LÚTEO
773 0 _tRevista Brasileira de Reprodução Animal (Brazil)
_xISSN 0102-0803
_g(Apr-Jun 2003), v. 27(2) p. 286-287
_wBR0400760
909 _a202311
_bLúcia
_c55
_dLúcia Elande
942 _2AGRIS
_n0
_cANA
999 _c177668
_d177668